Normal view
MARC view
- Rodabaugh, Katrina
Entry Personal Name
001 - CONTROL NUMBER
- control field: 109956
003 - CONTROL NUMBER IDENTIFIER
- control field: NUST
005 - DATE AND TIME OF LATEST TRANSACTION
- control field: 20230307134744.0
008 - FIXED-LENGTH DATA ELEMENTS
- fixed length control field: 230307|| aca||aabn | a|a d
040 ## - CATALOGING SOURCE
- Original cataloging agency: NUST
- Transcribing agency: NUST
100 ## - HEADING--PERSONAL NAME
- Personal name: Rodabaugh, Katrina
670 ## - SOURCE DATA FOUND
- Source citation: Work cat.: (NUST): Rodabaugh, Katrina, The paper playhouse : , 2015.
